| 000 | 00536nam a2200193Ia 4500 | ||
|---|---|---|---|
| 999 |
_c33138 _d33138 |
||
| 003 | OSt | ||
| 005 | 20200916124612.0 | ||
| 008 | 190216s9999||||xx |||||||||||||| ||und|| | ||
| 020 | _a08582267576 | ||
| 040 | _coclc | ||
| 082 |
_a621.38152 _bSZE/P |
||
| 100 |
_aSze, S M _94487 |
||
| 245 | 0 |
_aPhysics Of Semiconductor Devices / _cS M Sze |
|
| 250 | _a2nd Ed. | ||
| 260 |
_bWiley Eastern Ltd, _c1981. _aNew Delhi: |
||
| 300 | _a868p | ||
| 650 | _aPhysics | ||
| 942 |
_cBK _2ddc _h621.38152 _iSZE/P _k621.38152 _mSZE/P |
||